00589nam a2200145Ia 4500008004100000082001500041100001400056245004600070260005300116300001000169942001500179952011700194952011700311999001500428150201s2008 xx 000 0 und d a5.133bPAT aPatel,R.B aFundamentals of computer programming in C bKhanna Books Publishing Co. Ltd.aN. Delhic2008 a962p. 2ddccBK09 00102ddc4070aFEbFEd2012-09-06iSGTUl6o5.133 PATpFE5638r2024-11-11 00:00:00s2024-11-11w2015-02-09yBK 00102ddc4070aFEbFEd2012-09-06iSGTUl6o5.133 PATpFE5639r2025-01-10 00:00:00s2024-12-28w2015-02-09yBK c5493d5493